000 00901nam a2200229 i 4500
001 131337
003 ES-MaACL
005 20260113115908.0
007 t|
008 070214s1905 sp |||| | spa d
100 1 _aRobles Dégano, Felipe.
_997946
245 1 0 _aOrtología clásica de la lengua castellana
_b: fundada en la autoridad de cuatrocientos poetas /
_cpor D. Felipe Robles Dégano ; con una carta-prólogo del Sr. D. Marcelino Menéndez y Pelayo.
260 _aMadrid :
_bMarcelino Tabarés,
_c1905.
300 _aVI, 380 p. ;
_c25 cm.
530 _aDisponible en formato digital.
650 0 4 _aLengua española-
_xPronunciación.
_914179
700 1 _aMenéndez y Pelayo, Marcelino,
_d1856-1912
_980332
852 _aES-MaACL
_jB-4643
_cSPB
856 4 _uhttp://bdh-rd.bne.es/viewer.vm?id=0000252223&page=1
_y(Biblioteca Digital Hispánica)
942 _2udc
999 _c131337
_d131337